Every FIFA World Cup winning Captain - Statistics

General Stats
  • This quiz has been taken 15 times
  • The average score is 12 of 22
Answer Stats
Year Answer % Correct
1974 Franz Beckenbauer
100%
1986 Diego Maradona
93%
2022 Lionel Messi
93%
1990 Lothar Matthäus
93%
2014 Phillip Lahm
93%
2010 Iker Casillas
86%
1966 Bobby Moore
79%
1998 Didier Deschamps
79%
2006 Fabio Cannavaro
79%
2018 Hugo Lloris
79%
2002 Cafu
71%
1982 Dino Zoff
64%
1994 Dunga
57%
1954 Fritz Walter
50%
1970 Carlos Alberto
43%
1978 Daniel Passarella
29%
1938 Giuseppe Meazza
14%
1950 Obdulio Varela
7%
1934 Gianpiero Combi
0%
1958 Hilderaldo Bellini
0%
1930 Josė Nasazzi
0%
1962 Mauro Ramos
0%
No matching quizzes found
Score Distribution
Percent of People with Each Score
Percentile by Number Answered
Your Score History
You have not taken this quiz